Biblioteka Instytutu Północnego w Olsztynie

Widok standardowy Widok MARC

Pozycja Corporate Name

Liczba rekordów, w których użyto hasła: 1

001 - Numer kontrolny

  • control field: 41012

003 - Identyfikator numeru kontrolnego

  • control field: NUKAT

005 - Data i czas ostatniej modyfikacji

  • control field: 20260430123547.0

008 - Dane kontrolne kodowane (40 znaków)

  • fixed length control field: 010411n||a|znnaabn |a ana |c

010 ## - Numer kontrolny Biblioteki Kongresu

  • numer kontrolny LC: n 01068097

040 ## - Instytucja sporządzająca rekord

  • inst. przygot. dane do rek. khw: WR O/dja
  • język haseł przedmiotowych/tezaurus: kaba
  • inst. wprow. rek. khw: WR O/dja

110 1# - Hasło - nazwa ciała zbiorowego

  • nazwa ciała zbior. lub geogr. na pocz.: Polska.
  • nazwa jednostki podrzędnej: Urząd Bezpieczeństwa.

410 1# - Trop zob. - nazwa ciała zbiorowego

  • nazwa ciała zbior. lub geogr. na pocz.: Polska.
  • nazwa jednostki podrzędnej: Ministerstwo Bezpieczeństwa Publicznego.
  • nazwa jednostki podrzędnej: Urząd Bezpieczeństwa.

410 2# - Trop zob. - nazwa ciała zbiorowego

  • nazwa ciała zbior. lub geogr. na pocz.: Urząd Bezpieczeństwa.

410 2# - Trop zob. - nazwa ciała zbiorowego

  • nazwa ciała zbior. lub geogr. na pocz.: UB.

665 ## - Nota historyczna

  • nota historyczna: Nazwa jednostek organizacyjnych Ministerstwa Bezpieczeństwa Publicznego (w latach 1944-1954) i Komitetu do Spraw Bezpieczeństwa Państwa (w latach 1954-1956). Zniesiony w 1956.

670 ## - Źródło informacji

  • źródło informacji: Zamiast wolności / Zbigniew Nawrocki. - Rzeszów, 1998.

670 ## - Źródło informacji

  • źródło informacji: NEP
Biblioteka Instytutu Północnego, ul. Partyzantów 87, 10-402 Olsztyn, email: biblioteka(at)ip.olsztyn.pl